000 00799nam a2200229Ia 4500
003 GCL
008 140319s9999 xx 000 0 ara d
040 _aGCL /
_cGCL
082 0 4 _a327.73
_bه ت
100 1 _aالهيئة العامة للاستعلامات
245 1 0 _aتحذير الواقعية: ريجان والسياسة الخارجية /
_cالهيئة العامة للاستعلامات
700 1 _aهيج, اليكسندر م
260 _a[S.N] :
_bالهيئة العامة للاستعلامات
300 _a356 ص
490 _a
650 0 4 _aالولايات المتحدة الامريكية
650 0 4 _aالشرق الاوسط
650 0 4 _aالاسلحة
650 0 4 _aالسياسة الخارجية
650 0 4 _aصناعة وتجارة
942 _2ddc
_cBK
999 _c35659
_d35659